| 000 | 00677nam a2200205 i 4500 | ||
|---|---|---|---|
| 001 | 122496 | ||
| 003 | ES-MaACL | ||
| 005 | 20250811074511.0 | ||
| 007 | t| | ||
| 008 | 070214s1981 sp r ||||1| spa d | ||
| 100 | 1 |
_aPuente Egido, J. _994158 |
|
| 245 | 1 | 0 |
_aDerecho Internacional Privado español _b: doctrina legal del Tribunal Supremo : 1841-1977 / _cJosé Puente Egido. |
| 250 | _a1ª. ed. | ||
| 260 |
_aBarcelona : _bEUNIBAR, _c1981. |
||
| 300 |
_aXIII, 1456 p. ; _c20 cm. |
||
| 650 | 0 | 4 |
_aDerecho internacional privado- _zEspaña. _911722 |
| 710 | 1 |
_aEspaña. _bTribunal Supremo _94004 |
|
| 852 |
_aES-MaACL _jL-7463 _bR.108277 |
||
| 999 |
_c122496 _d122496 |
||